000
00224nam a22000977a 4500
999
_c
519829
_d
519829
082
_a
TNC Q5 R684
100
_a
Ropke, Wilhelm
_9
31049
245
_a
Welfare freedom and inflation
260
_a
London
_b
Pall Mall
300
_a
70p.